البحث الادبي : طبيعته, مناهجه, أصوله, مصادره

Bibliographic Details
Main Author: ضيف, شوقي (Author)
Format: Book
Language:Arabic
Published: Qahirah : Dar al-Maarif , 2004
Series:مكتبة الدراسات الادبية 64
Subjects:

MARC

LEADER 00000cam a2200000 7i4500
001 0000054313
005 20081018093000.0
008 080923s2004 ua ara
020 |a 9770266566 
090 0 0 |a PJ7505   |b .D29 2004 
100 1 |a ضيف, شوقي ,   |e author 
241 1 3 |a al-Bahth al-adabi   |b tabiatuhum manahijuhu, usuluhu, masadiruh 
245 1 2 |a البحث الادبي :   |b طبيعته, مناهجه, أصوله, مصادره   |c شوقي ضيف 
260 |a Qahirah :   |b Dar al-Maarif ,   |c 2004 
300 |a 278 p. ;   |c 24 cm. 
440 0 |a مكتبة الدراسات الادبية   |v 64 
504 |a Includes bibliographical references 
650 0 |a Arabic literature   |x Study and teaching 
999 |a 1000118854   |b Book   |c Reference   |e Gong Badak Campus 
999 |a 1000118855   |b Book   |c OPEN SHELF (30 DAYS)   |e Gong Badak Campus